Записки Академии наук. Т.56, Кн.1 (Запись № 3997891)

Подробности
000 -МАРКЕР
контрольное поле 03352nam2a22003131 4500
001 - ИДЕНТИФИКАТОР ЗАПИСИ
контрольное поле RU\NLR\INFOCOMM6\1000361817
005 - ИДЕНТИФИКАТОР ВЕРСИИ
контрольное поле 20250616232405.0
035 ## - ДРУГИЕ СИСТЕМНЫЕ НОМЕРА
Идентификатор записи (NLR Aleph) 002276092
100 ## - ДАННЫЕ ОБЩЕЙ ОБРАБОТКИ
Данные общей обработки 20031127d1887 |||y0rusy50 ca
101 0# - ЯЗЫК РЕСУРСА
Язык текста, звукозаписи и т.д. русский
102 ## - СТРАНА ПУБЛИКАЦИИ ИЛИ ПРОИЗВОДСТВА
Страна публикации Российская Федерация
105 ## - ПОЛЕ КОДИРОВАННЫХ ДАННЫХ: ТЕКСТОВЫЕ МАТЕРИАЛЫ, МОНОГРАФИЧЕСКИЕ
Кодированные данные о монографическом текстовом документе y |||||||||
200 0# - ЗАГЛАВИЕ И СВЕДЕНИЯ ОБ ОТВЕТСТВЕННОСТИ
Основное заглавие Т.56, Кн.1
210 ## - ПУБЛИКАЦИЯ, РАСПРОСТРАНЕНИЕ И ДР.
Дата издания, распространения и т.д. 1887
Место издания, распространения и т.д. Б. м.
421 #1 - ПРИЛОЖЕНИЕ
Встроенное поле 2001#$aКритический обзор млекопитающих и птиц Кольского полуострова$fПлеске Ф.Д.
-- 700#1$aПлеске$bФ.Д.
-- 210##$aСпб.$d1887
-- 309##$aПрипл.
-- 311##$a1887/1888 к т.56
Заглавие Критический обзор млекопитающих и птиц Кольского полуострова
Автор Плеске, Ф.Д.
421 #1 - ПРИЛОЖЕНИЕ
Встроенное поле 2001#$aОтчет по Главной физической обсерватории за 1885 и 1886 годы, представленный Физико-математическому отделению Академии наук 25 августа 1887 г. директором Г.Вильдом
-- 210##$aСпб.$d1887
-- 309##$aПрипл.
-- 311##$a1887/1888 к т.56
Заглавие Отчет по Главной физической обсерватории за 1885 и 1886 годы, представленный Физико-математическому отделению Академии наук 25 августа 1887 г. директором Г.Вильдом
421 #1 - ПРИЛОЖЕНИЕ
Встроенное поле 2001#$aТоржественное собрание Отделения русского языка и словесности 22-го ноября 1887 года, посвященное чествованию К.Н.Батюшкова
-- 210##$aСпб.$d1887
-- 309##$aПрипл.
-- 311##$a1887/1888 к т.56
Заглавие Торжественное собрание Отделения русского языка и словесности 22-го ноября 1887 года, посвященное чествованию К.Н.Батюшкова
421 #1 - ПРИЛОЖЕНИЕ
Встроенное поле 2001#$aО фигуре Земли$fСтебницкий И.И.
-- 700#1$aСтебницкий$bИ.И.
-- 210##$aСпб.$d1887
-- 309##$aПрипл.
-- 311##$a1887/1888 к т.56
Заглавие О фигуре Земли
Автор Стебницкий, И.И.
421 #1 - ПРИЛОЖЕНИЕ
Встроенное поле 2001#$aОб этнографической поездке по Литве и Жмуди летом 1887 г.$fВольтер Э.А.
-- 700#1$aВольтер$bЭ.А.
-- 210##$aСпб.$d1887
-- 309##$aПрипл.
-- 311##$a1887/1888 к т.56
Заглавие Об этнографической поездке по Литве и Жмуди летом 1887 г.
Автор Вольтер, Э.А.
461 #0 - УРОВЕНЬ НАБОРА
Встроенное поле 001RU\NLR\INFOCOMM6\1000361712
-- 2001#$aЗаписки Академии наук$vТ.56, Кн.1
Системный номер (АБИС) связанной записи 3997372
Автор Академия наук (Петербург)
Место публикации СПб.
Дата публикации 1862-1895
Заглавие Записки Академии наук
Номер тома Т.56, Кн.1
481 #0 - ТАКЖЕ В ЭТОМ ПЕРЕПЛЕТЕ
Встроенное поле 001v19\rc\1334710
Системный номер (АБИС) связанной записи 5327131
Место публикации Б. м.
Дата публикации 1887
Физическая характеристика IV, 197 с.
Заглавие Отчет Главной физической обсерватории..., представленный директором ее, академиком Купфером, г. управляющему Министерством финансов. - ... за 1885 и 1886 годы
801 #1 - ИСТОЧНИК ЗАПИСИ
Страна Российская Федерация
Организация InfoComm
Дата составления 20031127
801 #0 - ИСТОЧНИК ЗАПИСИ
Страна Российская Федерация
Организация NLR
Правила каталогизации PSBO
852 ## - МЕСТОНАХОЖДЕНИЕ И ШИФР ХРАНЕНИЯ
Идентификатор организации NLR
Шифр хранения (Call Number) 1/447
942 ## - ДОПОЛНИТЕЛЬНЫЕ ЭЛЕМЕНТЫ ЗАПИСИ (АБИС)
Тип экземпляра АБИС Выпуск
980 ## - КОЛЛЕКЦИЯ
Название коллекции Национальная библиография
980 ## - КОЛЛЕКЦИЯ
Название коллекции Русская периодика

Нет доступных экземпляров.